[Event "Berlin-ch Seniors op 27th"]
[Site "Berlin"]
[Date "2011.02.03"]
[Round "6"]
[White "Kolkwitz, Klaus"]
[Black "Platow, Gerd"]
[Result "1/2-1/2"]
[WhiteElo "1672"]
[BlackElo "1432"]
[PlyCount "30"]
[EventDate "2011.01.29"]
[EventType "swiss"]
[EventRounds "9"]
[EventCountry "GER"]
[SourceTitle "EXT 2012"]
[Source "ChessBase"]
[SourceDate "2011.11.24"]
[SourceVersion "1"]
[SourceVersionDate "2011.11.24"]
[SourceQuality "1"]

1. d4 d5 2. Bf4 Nf6 3. e3 Bf5 4. c4 c6 5. Nc3 e6 6. Nf3 Ne4 7. Nxe4 Bxe4 8. a3 Nd7 9. Ne5 Be7 10. f3 Bf5 11. Bd3 Bxd3 12. Qxd3 0-0 13. 0-0 Nxe5 14. Bxe5 dxc4 15. Qxc4 Qd5 1/2-1/2

[Event "Berlin-ch Seniors op 27th"]
[Site "Berlin"]
[Date "2011.02.02"]
[Round "5"]
[White "Platow, Gerd"]
[Black "Thonig, Manfred"]
[Result "1-0"]
[WhiteElo "1432"]
[BlackElo "1628"]
[PlyCount "72"]
[EventDate "2011.01.29"]
[EventType "swiss"]
[EventRounds "9"]
[EventCountry "GER"]
[SourceTitle "EXT 2012"]
[Source "ChessBase"]
[SourceDate "2011.11.24"]
[SourceVersion "1"]
[SourceVersionDate "2011.11.24"]
[SourceQuality "1"]

1. Nf3 Nf6 2. Nc3 g6 3. d4 d5 4. Bf4 Bg7 5. h3 Nc6 6. e3 a6 7. Be2 0-0 8. 0-0 Re8 9. a3 b5 10. Bd3 Nh5 11. Bh2 e5 12. dxe5 Nxe5 13. Be2 Nxf3+ 14. Bxf3 c6 15. Bxh5 gxh5 16. Qxh5 d4 17. exd4 Qxd4 18. Qf3 Qc4 19. Qd3 Qe6 20. Bf4 Qf6 21. Qg3 Bf5 22. Rac1 h6 23. Rfd1 Re6 24. Rd2 Kh7 25. Rcd1 Rg8 26. Qf3 Rge8 27. Be3 Qg6 28. g4 h5 29. Qxf5 Qxf5 30. gxf5 Rf6 31. Rd6 Rxf5 32. Rxc6 a5 33. Rc5 Rxc5 34. Bxc5 Bxc3 35. bxc3 Re2 36. Rc1 Kg6 1-0

[Event "Berlin-ch Seniors op 27th"]
[Site "Berlin"]
[Date "2011.01.31"]
[Round "3"]
[White "Platow, Gerd"]
[Black "Schweitzer, Paul"]
[Result "0-1"]
[WhiteElo "1432"]
[BlackElo "1619"]
[PlyCount "74"]
[EventDate "2011.01.29"]
[EventType "swiss"]
[EventRounds "9"]
[EventCountry "GER"]
[SourceTitle "EXT 2012"]
[Source "ChessBase"]
[SourceDate "2011.11.24"]
[SourceVersion "1"]
[SourceVersionDate "2011.11.24"]
[SourceQuality "1"]

1. e4 c6 2. Nf3 d6 3. d4 Nd7 4. Nc3 e6 5. Bd3 a5 6. 0-0 Be7 7. d5 Ne5 8. Nxe5 dxe5 9. dxc6 bxc6 10. Be3 Bg5 11. Qd2 h6 12. Rad1 Bxe3 13. Qxe3 Qg5 14. f4 exf4 15. Qxf4 Qxf4 16. Rxf4 Nf6 17. Na4 e5 18. Rff1 Bg4 19. Rde1 Ke7 20. h3 Bh5 21. Be2 Bg6 22. Bf3 Rhb8 23. b3 Rb5 24. c4 Rbb8 25. Nc5 Rd8 26. Rd1 Rab8 27. Rfe1 Bh7 28. Kf2 h5 29. g4 hxg4 30. hxg4 g5 31. Ke3 Bg6 32. Rd3 Rxd3+ 33. Kxd3 Kd6 34. Na4 Ke6 35. Nc3 Rh8 36. Rh1 Rxh1 37. Bxh1 Nxg4 0-1

[Event "Berlin-ch Seniors op 25th"]
[Site "Berlin"]
[Date "2009.02.19"]
[Round "8"]
[White "Platow, Gerd"]
[Black "Pueschel, Gisela"]
[Result "1-0"]
[WhiteElo "1454"]
[BlackElo "1672"]
[PlyCount "111"]
[EventDate "2009.02.12"]
[EventType "swiss"]
[EventRounds "9"]
[EventCountry "GER"]
[SourceTitle "EXT 2022"]
[Source "ChessBase"]
[SourceDate "2021.10.06"]
[SourceVersion "1"]
[SourceVersionDate "2021.10.06"]
[SourceQuality "1"]

1. e4 e6 2. d4 d5 3. Nc3 c5 4. g3 cxd4 5. Qxd4 Nc6 6. Qd1 dxe4 7. Qxd8+ Nxd8 8. Nxe4 b6 9. Bb5+ Bd7 10. Bxd7+ Kxd7 11. Bf4 Nb7 12. 0-0-0+ Ke8 13. Nf3 Rd8 14. Rxd8+ Kxd8 15. Rd1+ Ke8 16. Bb8 f5 17. Nc3 a6 18. Ne5 g6 19. Bc7 Nf6 20. Bxb6 Be7 21. Nc6 Nd7 22. Nxe7 Nxb6 23. Nc6 Rg8 24. f4 Rg7 25. Ne5 Rc7 26. Ne2 Rc8 27. Nd4 Rd8 28. Nxe6 Rxd1+ 29. Kxd1 Ke7 30. Nd4 Nd8 31. Ndc6+ Nxc6 32. Nxc6+ Kd6 33. Ne5 Kd5 34. Ke2 Ke4 35. c4 Na4 36. b4 Nc3+ 37. Kd2 Nxa2 38. b5 axb5 39. cxb5 Nb4 40. b6 Na6 41. Nd7 Kd5 42. b7 Kc6 43. b8Q Nxb8 44. Nxb8+ Kc7 45. Na6+ Kd6 46. Ke3 Ke6 47. Kd3 Kf6 48. Kd4 g5 49. Nc5 h6 50. Nd3 h5 51. h3 h4 52. gxh4 g4 53. hxg4 fxg4 54. Ke4 g3 55. Kf3 g2 56. Kxg2 1-0